000 00225nam a2200085Ia 4500
008 120527s9999 xx 000 0 und d
100 _aBOYES & MELVIN
245 _aMacro economics the dynamics of theory and policyy
942 _cBK
999 _c26964
_d26964